00722nam a2200217 i 4500001001000000003000900010005001700019007000300036008004100039040003000080041000800110082001900118110006100137240002600198245005200224264008200276300005800358336002700416337003300443338002800476000027685DO-SdBNP20251107103101.0ta110404suuuu dr ah r 000 | spa d aDO-SdBNPbspacBNPHUerda aspa axxxbR426L2221 aRepública Dominicana.bSecretaria deEstado de la Mujer 0aLeyes, decretos, etc.10aLey no. 24-97 :bsobre violencia intrafamiliar. aSanto Domingo :bSecretaría de Estado de la Mujer,c[fecha no identificada] a37 páginas :bilustraciones facsímines. ;c20 cm. ardacontentbtexto2txt ardamediabsin mediación2n ardacarrierbvolumen2nc